| 000 | 00000nam##2200000za#4500 |
| 001 | 9.632178 |
| 003 | CaOODSP |
| 005 | 20210624214659 |
| 007 | cr ||||||||||| |
| 008 | 150407|2005||||xxc|||||o f|0| 0 fre|d |
| 020 | |a0-662-74871-9 |
| 040 | |aCaOODSP|bfre |
| 043 | |an-cn--- |
| 086 | 1 |aHS28-28/2005F-PDF |
| 110 | 1 |aCanada.|bRessources humaines et Développement des compétences Canada. |bPolitique stratégique et planification. |
| 245 | 10|aStratégie emploi jeunesse (SEJ) 1997-2002 : |h[ressource électronique]|bsommaire des résultats d'une récente évaluation sommative - rapport final |
| 260 | |aGatineau - Québec : |bRessources humaines et Développement des compétences Canada. |cMai 2004. |
| 300 | |a61p.|bgraphiques, références, tableaux |
| 590 | |a13-22-Supp|b2013-09-26 |
| 691 | 07|aJeunesse|2gcpds |
| 775 | 08|tYouth Employment Strategy (YES) 1997-2002 : |w(CaOODSP)9.687734 |
| 856 | 40|ahttp://publications.gc.ca|qPDF|s244 Ko|uhttps://publications.gc.ca/collections/collection_2013/rhdcc-hrsdc/HS28-28-2005-fra.pdf |
| 986 | |aSP-AH-211-05-04F |